01093cpcaa2200265 4500001001300000003000400013005001700017008004100034010001700075040002400092072001200116100003100128245003700159300002400196506002200220520013600242530004100378533008800419535005900507545008900566555007800655656003000733656002100763656004300784mm 80052506 DLC20260227111704.0801222|||||||||||| eng  amm 80052506  aDLCcDLCedacsdDLC 7aN2lcmd1 aEwing, Thomas,d1789-1871.00aThomas Ewing papers,f1815-1872. a6fmicrofilm reels.0 aOpen to research.8 aFamily and general correspondence, letterbooks, dockets and account books, speeches, financial papers, legal papers, and clippings. aMicrofilm edition only,dno. 13,952. aMicrofilm of originals in the University of Notre Dame Archives (South Bend, Ind.).1 aIndiana: University of Notre Dame Archives, South Bend0 aLawyer, U.S. senator from Ohio, U.S. secretary of the treasury, and of the interior.8 aFinding aid available in the Library of Congress Manuscript Reading Room. 7aCabinet officers.2itoamc 7aLawyers.2itoamc 7aSenators, U.S. CongresszOhio.2itoamc